[Event "2010 U.S. Masters Championship"]
[Site "Hendersonville, NC"]
[Date "2010.03.13"]
[Round "1.1"]
[White "Bereolos, Peter"]
[Black "Harris, Neal D"]
[Result "1/2-1/2"]
[WhiteElo "2325"]
[BlackElo "2200"]
[PlyCount "22"]
[EventDate "2010.03.13"]
[EventRounds "9"]
[EventCountry "USA"]
[SourceDate "2010.03.21"]

1. d4 d5 2. c4 dxc4 3. Nf3 Nf6 4. e3 e6 5. Bxc4 Nc6 6. O-O Bd6 7. Nc3 O-O 8. h3
a6 9. Qd2 e5 10. d5 Ne7 11. e4 Ng6 1/2-1/2

[Event "2010 U.S. Masters Championship"]
[Site "Hendersonville, NC"]
[Date "2010.03.13"]
[Round "1.1"]
[White "Myers, Dominique"]
[Black "Simpson, Ronald"]
[Result "1-0"]
[WhiteElo "2052"]
[BlackElo "2302"]
[PlyCount "75"]
[EventDate "2010.03.13"]
[EventRounds "9"]
[EventCountry "USA"]
[SourceDate "2010.03.21"]

1. e4 c5 2. d4 cxd4 3. Nf3 Nc6 4. Nxd4 Nf6 5. Nc3 e6 6. Ndb5 d6 7. Bf4 e5 8.
Bg5 a6 9. Na3 Be7 10. Bxf6 gxf6 11. Nd5 f5 12. f3 O-O 13. Nc4 b5 14. Nxe7+ Qxe7
15. Nb6 Ra7 16. Bd3 Nb4 17. a3 Nxd3+ 18. Qxd3 fxe4 19. fxe4 Qg5 20. O-O Rb7 21.
Nxc8 Rxc8 22. Rf5 Qg4 23. Qxd6 Qg6 24. Qxe5 h6 25. Rd1 Qb6+ 26. Kh1 Rxc2 27.
Rf3 Rc5 28. Rg3+ Kf8 29. Qh8+ Ke7 30. Rg8 Qc6 31. Rgd8 Ke6 32. Re8+ Re7 33.
Qxh6+ f6 34. Red8 Qc7 35. Qg6 Rg7 36. Re8+ Re7 37. Qg4+ f5 38. Qg6+ 1-0

[Event "2010 U.S. Masters Championship"]
[Site "Hendersonville, NC"]
[Date "2010.03.13"]
[Round "1.1"]
[White "Mabe, Chris J"]
[Black "Christensen, Wayne"]
[Result "1-0"]
[WhiteElo "2281"]
[BlackElo "2028"]
[PlyCount "118"]
[EventDate "2010.03.13"]
[EventRounds "9"]
[EventCountry "USA"]
[SourceDate "2010.03.21"]

1. Nf3 d5 2. d4 Nf6 3. c4 c6 4. cxd5 cxd5 5. Nc3 Nc6 6. Bf4 Bf5 7. e3 e6 8. Bb5
Bb4 9. O-O O-O 10. Qb3 Qe7 11. a3 Bd6 12. Ne5 Bxe5 13. dxe5 Nh5 14. Qa4 g5 15.
Bg3 Nxg3 16. fxg3 Qc5 17. Bxc6 bxc6 18. Qd4 Qb6 19. Na4 Qxd4 20. exd4 Rab8 21.
Rac1 Rb3 22. Rf3 Rfb8 23. Rcc3 R3b5 24. Rxc6 Ra5 25. b3 Bg4 26. Rfc3 Bd1 27.
R6c5 Ra6 28. Rc8+ Rxc8 29. Rxc8+ Kg7 30. Rb8 Ra5 31. Rb7 Kg6 32. Rb4 Bxb3 33.
Nc5 Bd1 34. a4 f6 35. exf6 Kxf6 36. Kf2 e5 37. Ke3 e4 38. Kd2 Bh5 39. Kc3 Be8
40. Rb8 Bxa4 41. Kb4 Rxc5 42. Kxc5 Ke6 43. Kb4 Bd1 44. Ra8 h5 45. Kc3 Be2 46.
Rxa7 Bc4 47. Kd2 Bb3 48. Ke3 Kf5 49. Re7 Bc4 50. Re5+ Kg6 51. h4 gxh4 52. gxh4
Bb3 53. Rg5+ Kh6 54. Kf4 Bc4 55. g3 Bb3 56. Re5 Bc4 57. Re6+ Kg7 58. Kg5 Be2
59. Re7+ Kg8 1-0

[Event "2010 U.S. Masters Championship"]
[Site "Hendersonville, NC"]
[Date "2010.03.13"]
[Round "1.1"]
[White "Xin, Samuel L"]
[Black "Pupols, Viktors"]
[Result "1/2-1/2"]
[WhiteElo "2001"]
[BlackElo "2247"]
[PlyCount "106"]
[EventDate "2010.03.13"]
[EventRounds "9"]
[EventCountry "USA"]
[SourceDate "2010.03.21"]

1. e4 e5 2. Nf3 Nc6 3. Bc4 Nf6 4. d4 exd4 5. e5 Ng4 6. Bf4 d6 7. exd6 Bxd6 8.
Qe2+ Kf8 9. Bxd6+ Qxd6 10. O-O Be6 11. Bxe6 Qxe6 12. Qb5 b6 13. Re1 Qd6 14.
Nbd2 Nf6 15. Rad1 a6 16. Qf5 g6 17. Qg5 Kg7 18. Nb3 Rhe8 19. Qd2 Rxe1+ 20. Rxe1
Rd8 21. Rd1 Ne4 22. Qe2 Nc5 23. Nbxd4 Nxd4 24. Nxd4 Qf6 25. c3 Na4 26. h3 c5
27. Qc2 b5 28. b3 Nxc3 29. Ne6+ fxe6 30. Rxd8 Qxd8 31. Qxc3+ Qd4 32. Qg3 e5 33.
Qg5 Qd6 34. Qg4 h5 35. Qc8 Kf7 36. Qb7+ Ke6 37. Qe4 Ke7 38. Qb7+ Ke6 39. Qe4
Kf6 40. Qf3+ Kg7 41. Qb7+ Kh6 42. Qf7 h4 43. Qe8 c4 44. bxc4 bxc4 45. Qh8+ Kg5
46. Qc8 Qd4 47. Kh2 a5 48. Qe6 Qf4+ 49. Kg1 c3 50. Qe7+ Kh6 51. Qc5 Qc1+ 52.
Kh2 c2 53. Qxe5 Qd2 1/2-1/2

[Event "2010 U.S. Masters Championship"]
[Site "Hendersonville, NC"]
[Date "2010.03.13"]
[Round "1.1"]
[White "Jones, Craig"]
[Black "Lauria, Michael D"]
[Result "1-0"]
[WhiteElo "2235"]
[BlackElo "2001"]
[PlyCount "81"]
[EventDate "2010.03.13"]
[EventRounds "9"]
[EventCountry "USA"]
[SourceDate "2010.03.21"]

1. Nf3 d5 2. g3 Nc6 3. c4 dxc4 4. Bg2 e5 5. Qa4 Bd6 6. Na3 Nf6 7. Nxc4 O-O 8.
O-O Be6 9. Nxd6 cxd6 10. d4 Qb6 11. Bg5 Nd7 12. Rad1 e4 13. d5 exf3 14. exf3
Nc5 15. Qa3 Ne5 16. dxe6 fxe6 17. Be3 Rfd8 18. b4 Qa6 19. Qxa6 Nxa6 20. f4 Nc4
21. Bxb7 Nxb4 22. Bxa8 Rxa8 23. Bd2 Nxa2 24. Be1 Rb8 25. Ra1 Rb2 26. f3 a5 27.
Rf2 Rxf2 28. Kxf2 Nb4 29. Bxb4 axb4 30. Rb1 Kf7 31. Rxb4 d5 32. Rxc4 dxc4 33.
Ke3 Ke7 34. Kd4 Kd6 35. Kxc4 Kc6 36. Kd4 Kd6 37. Ke4 g6 38. Kd4 Kd7 39. Ke5 Ke7
40. g4 Kf7 41. g5 1-0

[Event "2010 U.S. Masters Championship"]
[Site "Hendersonville, NC"]
[Date "2010.03.13"]
[Round "1.1"]
[White "High, David"]
[Black "Pohl, Klaus A"]
[Result "0-1"]
[WhiteElo "1930"]
[BlackElo "2206"]
[PlyCount "108"]
[EventDate "2010.03.13"]
[EventRounds "9"]
[EventCountry "USA"]
[SourceDate "2010.03.21"]

1. e4 Nc6 2. Nf3 d6 3. d4 Bg4 4. Be2 Nf6 5. Nc3 e6 6. O-O Be7 7. Be3 O-O 8. Nd2
Bxe2 9. Qxe2 d5 10. e5 Nd7 11. f4 Nb4 12. Nb3 a5 13. a3 a4 14. Nc1 Nc6 15. f5
exf5 16. Nxd5 Bg5 17. Bxg5 Qxg5 18. c3 Rfc8 19. Nd3 Nf8 20. Qf2 g6 21. Nf6+ Kh8
22. Rae1 Rd8 23. Re3 h5 24. Rg3 Qh6 25. Qxf5 Ne6 26. Qf2 Ne7 27. Nf4 Nxf4 28.
Qxf4 Qxf4 29. Rxf4 Ra6 30. Rd3 c6 31. Ne4 Nf5 32. Nc5 Ra7 33. Ne4 Ra5 34. Ng3
Rxe5 35. Nxf5 Rxf5 36. Rxf5 gxf5 37. Rh3 Rd5 38. Rxh5+ Kg7 39. g4 fxg4 40. Rxd5
cxd5 41. Kf2 b5 42. Kg3 f5 43. h3 gxh3 44. Kxh3 Kf6 45. Kh4 Kg6 46. Kg3 Kg5 47.
Kf3 f4 48. Kf2 Kg4 49. Kg2 f3+ 50. Kf1 Kg3 51. Kg1 f2+ 52. Kf1 Kf3 53. c4 bxc4
54. b4 axb3 0-1

[Event "2010 U.S. Masters Championship"]
[Site "Hendersonville, NC"]
[Date "2010.03.13"]
[Round "2.1"]
[White "Jones, Craig"]
[Black "Mabe, Chris J"]
[Result "1-0"]
[WhiteElo "2235"]
[BlackElo "2281"]
[PlyCount "87"]
[EventDate "2010.03.13"]
[EventRounds "9"]
[EventCountry "USA"]
[SourceDate "2010.03.21"]

1. Nf3 d6 2. d4 f5 3. c4 Nf6 4. Nc3 g6 5. Qc2 Bg7 6. Bg5 Nc6 7. d5 Ne5 8. Nxe5
dxe5 9. e4 Nxe4 10. Nxe4 fxe4 11. c5 Qxd5 12. Bb5+ c6 13. Bc4 Qd7 14. Rd1 Qf5
15. Qb3 Rf8 16. Be3 Bh6 17. O-O Bf4 18. Rd2 Qh5 19. Bxf4 Rxf4 20. Rfd1 Kf8 21.
Be2 Bg4 22. Bxg4 Qxg4 23. Qxb7 Qc8 24. Qb3 Rb8 25. Qe3 Qg4 26. h3 Qh5 27. g3
Rf6 28. Rd8+ Rxd8 29. Rxd8+ Kg7 30. Rd7 Qxh3 31. Rxa7 Qe6 32. b3 Rf3 33. Qxe4
Rc3 34. b4 Kf7 35. Kg2 h5 36. Rc7 Rc4 37. Qf3+ Kg7 38. Rxc6 Qd7 39. Rb6 e4 40.
Qe3 Qd1 41. Qg5 Qf3+ 42. Kg1 Qf7 43. Rb7 Kf8 44. Qh6+ 1-0

[Event "2010 U.S. Masters Championship"]
[Site "Hendersonville, NC"]
[Date "2010.03.13"]
[Round "2.1"]
[White "Pupols, Viktors"]
[Black "Myers, Dominique"]
[Result "1/2-1/2"]
[WhiteElo "2247"]
[BlackElo "2052"]
[PlyCount "105"]
[EventDate "2010.03.13"]
[EventRounds "9"]
[EventCountry "USA"]
[SourceDate "2010.03.21"]

1. d4 Nf6 2. c4 c5 3. d5 b5 4. cxb5 a6 5. bxa6 Bxa6 6. f4 g6 7. Nf3 Bg7 8. Nc3
d6 9. e4 Bxf1 10. Rxf1 Nbd7 11. e5 dxe5 12. fxe5 Ng4 13. e6 fxe6 14. Ng5 Qa5
15. Nxe6 Bxc3+ 16. bxc3 Qxc3+ 17. Qd2 Qe5+ 18. Kd1 Rb8 19. Qg5 Qxa1 20. Qxg4
Rb4 21. Qf3 Nf6 22. d6 Qxa2 23. d7+ Kxd7 24. Nxc5+ Ke8 25. Qc6+ Kf7 26. Rxf6+
Kg7 27. Rf3 Rd4+ 28. Rd3 Rxd3+ 29. Nxd3 Rd8 30. Qc3+ Kf7 31. Bd2 Qa4+ 32. Kc1
Qb5 33. Ne5+ Ke6 34. Nf3 Qd5 35. Kd1 Rd6 36. Ke1 Kd7 37. Ne5+ Ke6 38. Nf3 Kd7
39. Kf2 Rf6 40. Be3 e5 41. Ke2 Ra6 42. Nxe5+ Ke6 43. Nf3 Ra2+ 44. Bd2 Ra4 45.
Qc8+ Ke7 46. Qc7+ Qd7 47. Qe5+ Qe6 48. Qxe6+ Kxe6 49. Ng5+ Kf5 50. Nxh7 Rh4 51.
Ng5 Rxh2 52. Kf3 Rh4 53. Be3 1/2-1/2

[Event "2010 U.S. Masters Championship"]
[Site "Hendersonville, NC"]
[Date "2010.03.13"]
[Round "2.1"]
[White "Xin, Samuel L"]
[Black "Bereolos, Peter"]
[Result "0-1"]
[WhiteElo "2001"]
[BlackElo "2325"]
[PlyCount "102"]
[EventDate "2010.03.13"]
[EventRounds "9"]
[EventCountry "USA"]
[SourceDate "2010.03.21"]

1. e4 e5 2. Nf3 Nc6 3. Bc4 Bc5 4. b4 Bxb4 5. c3 Ba5 6. d4 exd4 7. O-O Nge7 8.
cxd4 d5 9. exd5 Nxd5 10. Qb3 Be6 11. Ba3 Qd7 12. Nbd2 Bxd2 13. Nxd2 Na5 14. Qb2
Nxc4 15. Nxc4 Nf4 16. Qxb7 Ne2+ 17. Kh1 Bd5 18. Qb3 Qe6 19. Qa4+ Bc6 20. Qb3
Nxd4 21. Qd3 O-O-O 22. Rfc1 Ne2 23. Nd6+ Rxd6 24. Bxd6 Nxc1 25. Rxc1 Qxd6 26.
Qxd6 cxd6 27. Rxc6+ Kd7 28. Ra6 Ra8 29. Kg1 Ke6 30. Kf1 Kd5 31. Ke2 Re8+ 32.
Kd3 Re7 33. Ra4 Kc5 34. Rc4+ Kb5 35. Rd4 Rd7 36. Rh4 h6 37. Rg4 g6 38. h4 h5
39. Rf4 Kc5 40. Rc4+ Kd5 41. Rd4+ Ke5 42. Re4+ Kf5 43. Ra4 Rc7 44. g3 d5 45.
Kd4 Rc4+ 46. Rxc4 dxc4 47. Kxc4 Ke4 48. Kb5 Kf3 49. Ka6 Kxf2 50. Kxa7 Kxg3 51.
Kb6 g5 0-1

[Event "2010 U.S. Masters Championship"]
[Site "Hendersonville, NC"]
[Date "2010.03.13"]
[Round "2.1"]
[White "Lauria, Michael D"]
[Black "Simpson, Ronald"]
[Result "0-1"]
[WhiteElo "2001"]
[BlackElo "2302"]
[PlyCount "56"]
[EventDate "2010.03.13"]
[EventRounds "9"]
[EventCountry "USA"]
[SourceDate "2010.03.21"]

1. e4 c5 2. Nc3 Nc6 3. g3 g6 4. Bg2 Bg7 5. d3 e6 6. Be3 Nd4 7. Qd2 Ne7 8. Nd1
b6 9. c3 Ndc6 10. Bh6 Bxh6 11. Qxh6 Ba6 12. Ne3 Ne5 13. Kd2 Nxd3 14. Ng4 Ng8
15. Qg7 Qg5+ 16. f4 Nxf4 17. Qxh8 Nxg2+ 18. Kc2 O-O-O 19. h3 Ne3+ 20. Nxe3 Qxe3
21. Rh2 Bd3+ 22. Kb3 Qxe4 23. Ka3 b5 24. b4 Ne7 25. Qf6 Nd5 26. Qh4 Qe3 27. Qg4
cxb4+ 28. Kb3 Bc4+ 0-1

[Event "2010 U.S. Masters Championship"]
[Site "Hendersonville, NC"]
[Date "2010.03.13"]
[Round "2.1"]
[White "Christensen, Wayne"]
[Black "Waddell, Bobby"]
[Result "1-0"]
[WhiteElo "2028"]
[BlackElo "1927"]
[PlyCount "51"]
[EventDate "2010.03.13"]
[EventRounds "9"]
[EventCountry "USA"]
[SourceDate "2010.03.21"]

1. d4 Nf6 2. c4 c5 3. d5 b5 4. cxb5 a6 5. b6 g6 6. Nc3 Qxb6 7. e4 d6 8. Nf3
Nbd7 9. Be2 Bg7 10. O-O O-O 11. Nd2 Ne5 12. Kh1 Nfg4 13. h3 Nh6 14. h4 f5 15.
f4 Nd7 16. Nc4 Qd8 17. e5 Nb6 18. Na5 Qe8 19. Nc6 Bb7 20. h5 Nd7 21. Na4 dxe5
22. fxe5 Bxc6 23. dxc6 Nxe5 24. Bxh6 Bxh6 25. Qd5+ Nf7 26. Nb6 1-0

[Event "2010 U.S. Masters Championship"]
[Site "Hendersonville, NC"]
[Date "2010.03.14"]
[Round "3.1"]
[White "Bereolos, Peter"]
[Black "Jones, Craig"]
[Result "1/2-1/2"]
[WhiteElo "2325"]
[BlackElo "2235"]
[PlyCount "40"]
[EventDate "2010.03.13"]
[EventRounds "9"]
[EventCountry "USA"]
[SourceDate "2010.03.21"]

1. d4 Nf6 2. c4 e6 3. g3 Bb4+ 4. Nc3 c5 5. Nf3 O-O 6. Bg2 cxd4 7. Nxd4 d5 8.
cxd5 Nxd5 9. Qb3 Qb6 10. Bxd5 exd5 11. Be3 Nc6 12. Nxc6 Qxc6 13. Bd4 Qc4 14.
Qxc4 dxc4 15. O-O Be6 16. Nb5 Rfc8 17. Nxa7 Rd8 18. Nb5 Bd7 19. Nc3 Bg4 20.
Rfd1 Bxc3 1/2-1/2

[Event "2010 U.S. Masters Championship"]
[Site "Hendersonville, NC"]
[Date "2010.03.14"]
[Round "3.1"]
[White "Pohl, Klaus A"]
[Black "Myers, Dominique"]
[Result "1-0"]
[WhiteElo "2206"]
[BlackElo "2052"]
[PlyCount "122"]
[EventDate "2010.03.13"]
[EventRounds "9"]
[EventCountry "USA"]
[SourceDate "2010.03.21"]

1. e4 e5 2. Nf3 Nc6 3. Bb5 a6 4. Ba4 Nf6 5. O-O b5 6. Bb3 Bc5 7. c3 d6 8. d4
Bb6 9. dxe5 Nxe5 10. Nxe5 dxe5 11. Qxd8+ Kxd8 12. Bg5 Ke7 13. Nd2 Bb7 14. Nf3
h6 15. Bh4 g5 16. Bg3 Nxe4 17. Bxe5 f6 18. Bd4 c5 19. Be3 Rad8 20. Rad1 h5 21.
Rfe1 Rhe8 22. Rxd8 Kxd8 23. Bf7 Rh8 24. Bg6 Kc7 25. Bxe4 Bxe4 26. Bxc5 Bxf3 27.
Bxb6+ Kxb6 28. gxf3 Rc8 29. Re6+ Rc6 30. Rxc6+ Kxc6 31. Kf1 Kd5 32. Ke2 a5 33.
b3 a4 34. Kd3 f5 35. c4+ bxc4+ 36. bxc4+ Kc5 37. Kc3 a3 38. Kb3 g4 39. fxg4
hxg4 40. Kc3 f4 41. Kd3 Kd6 42. Kd4 f3 43. c5+ Kc6 44. Kc4 Kc7 45. Kd5 Kd7 46.
c6+ Kc7 47. Kc5 Kc8 48. Kd6 Kd8 49. Ke5 Kc7 50. Kf4 Kxc6 51. Kxg4 Kd5 52. h4
Ke6 53. Kxf3 Kf5 54. Kg3 Kg6 55. Kg4 Kh6 56. f4 Kg6 57. f5+ Kh7 58. Kg5 Kg7 59.
f6+ Kf7 60. Kf5 Kg8 61. Ke6 Kf8 1-0

[Event "2010 U.S. Masters Championship"]
[Site "Hendersonville, NC"]
[Date "2010.03.14"]
[Round "3.1"]
[White "Simpson, Ronald"]
[Black "Christensen, Wayne"]
[Result "0-1"]
[WhiteElo "2302"]
[BlackElo "2028"]
[PlyCount "150"]
[EventDate "2010.03.13"]
[EventRounds "9"]
[EventCountry "USA"]
[SourceDate "2010.03.21"]

1. e4 e5 2. Nc3 Nf6 3. Bc4 Nc6 4. d3 Bb4 5. Bg5 h6 6. Bd2 Nd4 7. a3 Ba5 8. b4
Bb6 9. Na4 d5 10. exd5 Nxd5 11. Nf3 Bg4 12. c3 Nxf3+ 13. gxf3 Bh5 14. Rg1 c6
15. Qe2 Qf6 16. Bxd5 cxd5 17. Nxb6 axb6 18. d4 O-O-O 19. dxe5 Qf5 20. Qe3 Rhe8
21. f4 g5 22. Rg3 gxf4 23. Qxf4 Rxe5+ 24. Kf1 Be2+ 25. Kg1 Qh5 26. Qxh6 Rh8 27.
Qxh5 Rexh5 28. Re1 Bb5 29. Re7 Rxh2 30. Rxf7 Rh1+ 31. Kg2 d4 32. Kf3 Rd1 33.
Bf4 d3 34. Rc7+ Kd8 35. Rgg7 Rf8 36. Rcf7 Bc6+ 37. Kg4 Rxf7 38. Rxf7 d2 39.
Bxd2 Rxd2 40. Rf4 b5 41. Kf5 Rc2 42. Ke5 Rxc3 43. Kd6 Rxa3 44. Rf8+ Be8 45. f4
Ra6+ 46. Ke5 Ke7 47. Rh8 Re6+ 48. Kd5 Bc6+ 49. Kc5 Rf6 50. Rh4 Ke6 51. Kb6 Kf5
52. Kc5 Re6 53. Rh5+ Kxf4 54. Rh4+ Ke3 55. Kb6 Re4 56. Rh3+ Kd4 57. Ka5 Re3 58.
Rh4+ Kd5 59. Rh5+ Kd6 60. Kb6 Rc3 61. Rh6+ Kd5 62. Rh5+ Kc4 63. Rh4+ Kb3 64.
Ka5 Rc1 65. Rh3+ Kc2 66. Rh2+ Kc3 67. Rh3+ Kd4 68. Rh5 Rc3 69. Rh4+ Kd5 70.
Rh5+ Kd6 71. Kb6 Ra3 72. Rh6+ Kd5 73. Rh5+ Kc4 74. Rh4+ Kb3 75. Kc5 Ka4 0-1

[Event "2010 U.S. Masters Championship"]
[Site "Hendersonville, NC"]
[Date "2010.03.14"]
[Round "3.1"]
[White "Mabe, Chris J"]
[Black "Pupols, Viktors"]
[Result "1-0"]
[WhiteElo "2281"]
[BlackElo "2247"]
[PlyCount "123"]
[EventDate "2010.03.13"]
[EventRounds "9"]
[EventCountry "USA"]
[SourceDate "2010.03.21"]

1. e4 e6 2. d4 d5 3. Nc3 Nf6 4. e5 Nfd7 5. f4 c5 6. Nf3 Nc6 7. Be3 cxd4 8. Nxd4
Bc5 9. Qd2 Nxd4 10. Bxd4 Bxd4 11. Qxd4 Qb6 12. Qxb6 Nxb6 13. O-O-O Bd7 14. Bd3
Ke7 15. Ne2 h5 16. Nd4 Rag8 17. h4 g6 18. b3 Rc8 19. Kd2 Rc7 20. Rdg1 a6 21. g4
hxg4 22. Rxg4 Rcc8 23. Rg5 Rh6 24. h5 Rch8 25. Be2 Be8 26. Bf3 gxh5 27. Rhxh5
f5 28. Rxh6 Rxh6 29. Ke3 Rh7 30. Ne2 Kf8 31. a4 a5 32. Nd4 Ke7 33. Rg8 Kf7 34.
Rg3 Nc8 35. Be2 Ne7 36. Nf3 Kf8 37. Ng5 Rh6 38. Kd4 b6 39. Ke3 Bc6 40. Ba6 d4+
41. Kxd4 Nd5 42. Rh3 Rxh3 43. Nxh3 Ke7 44. c3 Nc7 45. Bc4 Kd7 46. Nf2 Bd5 47.
Nd3 Kc6 48. Bb5+ Kb7 49. c4 Be4 50. Nb2 Bc6 51. Nd1 Be4 52. Ne3 Bf3 53. Kc3 Bc6
54. Nc2 Be4 55. Nd4 Kc8 56. b4 Bb7 57. bxa5 bxa5 58. Nb3 Na8 59. Nxa5 Be4 60.
Nb3 Nc7 61. Nc5 Ba8 62. Bd7+ 1-0

[Event "2010 U.S. Masters Championship"]
[Site "Hendersonville, NC"]
[Date "2010.03.14"]
[Round "3.1"]
[White "Lauria, Michael D"]
[Black "Xin, Samuel L"]
[Result "0-1"]
[WhiteElo "2001"]
[BlackElo "2001"]
[PlyCount "80"]
[EventDate "2010.03.13"]
[EventRounds "9"]
[EventCountry "USA"]
[SourceDate "2010.03.21"]

1. e4 c5 2. Nc3 a6 3. g3 b5 4. a3 Bb7 5. Bg2 d6 6. d3 g6 7. Nf3 Bg7 8. O-O Nf6
9. Re1 Nbd7 10. Bg5 O-O 11. Qd2 Re8 12. Kh1 Qb6 13. h3 Rac8 14. Nd1 c4 15. Be3
Nc5 16. Rb1 Nfd7 17. b4 cxb3 18. cxb3 Qc7 19. Bd4 Ne5 20. Nxe5 dxe5 21. Bc3
Red8 22. Re3 Bh6 23. f4 exf4 24. gxf4 Bxf4 25. Ba5 Bxe3 26. Nxe3 Rxd3 27. Qxd3
Nxd3 28. Bxc7 Rxc7 29. Kh2 Nf4 30. Bf1 Bxe4 31. Rd1 Rc3 32. Ng4 Rc2+ 33. Kg3
Ne2+ 34. Kh4 Bf3 35. Ne5 Bh5 36. Rd8+ Kg7 37. Ra8 Nd4 38. Rxa6 Nf5+ 39. Kg5 Rf2
40. Nxf7 Kxf7 0-1

[Event "2010 U.S. Masters Championship"]
[Site "Hendersonville, NC"]
[Date "2010.03.14"]
[Round "4.1"]
[White "Christensen, Wayne"]
[Black "Jones, Craig"]
[Result "1/2-1/2"]
[WhiteElo "2028"]
[BlackElo "2235"]
[PlyCount "50"]
[EventDate "2010.03.13"]
[EventRounds "9"]
[EventCountry "USA"]
[SourceDate "2010.03.21"]

1. d4 Nf6 2. c4 e6 3. Nf3 Bb4+ 4. Nbd2 b6 5. a3 Bxd2+ 6. Qxd2 Bb7 7. e3 O-O 8.
Bd3 d6 9. Qc2 Nbd7 10. O-O Bxf3 11. gxf3 h6 12. b3 Nh5 13. Bb2 f5 14. f4 Ndf6
15. Be2 Ng4 16. h3 Ngf6 17. d5 Qe8 18. dxe6 Qxe6 19. Kh2 g6 20. Rg1 Kh7 21. Rg2
Rae8 22. Bf3 Rg8 23. Rag1 Qe7 24. Qd1 Qf7 25. Qd4 Qe6 1/2-1/2

[Event "2010 U.S. Masters Championship"]
[Site "Hendersonville, NC"]
[Date "2010.03.14"]
[Round "4.1"]
[White "Pupols, Viktors"]
[Black "Bereolos, Peter"]
[Result "0-1"]
[WhiteElo "2247"]
[BlackElo "2325"]
[PlyCount "120"]
[EventDate "2010.03.13"]
[EventRounds "9"]
[EventCountry "USA"]
[SourceDate "2010.03.21"]

1. d4 Nf6 2. c4 g6 3. Nc3 Bg7 4. e4 d6 5. Be2 O-O 6. Nf3 e5 7. O-O Nbd7 8. Re1
c6 9. Rb1 a5 10. Bf1 exd4 11. Nxd4 Nc5 12. f3 Nfd7 13. Bf4 Ne5 14. Qd2 Ne6 15.
Nxe6 Bxe6 16. b3 Qc7 17. Rbd1 Rfd8 18. Qc1 Rd7 19. Na4 b6 20. Nc3 Qd8 21. Bg5
f6 22. Be3 Rb8 23. Ne2 Bf7 24. Nd4 Rc7 25. Rd2 Bf8 26. Qd1 Qc8 27. Qe2 d5 28.
cxd5 Bb4 29. d6 Bxd2 30. Bxd2 Rd7 31. f4 Rxd6 32. fxe5 Rxd4 33. exf6 Qf8 34.
Bc3 Rd7 35. Qe3 Qc5 36. Qxc5 bxc5 37. e5 Be6 38. Re4 Rd1 39. Kf2 Rc1 40. Bc4
Kf7 41. Bxe6+ Kxe6 42. Rc4 Kd5 43. e6 Kxe6 44. Re4+ Kd5 45. Re5+ Kd6 46. Re3
Rc2+ 47. Kg3 Rb7 48. a4 Rf7 49. Rd3+ Ke6 50. Re3+ Kd5 51. Rd3+ Ke4 52. Rf3 g5
53. Bxa5 h5 54. h3 c4 55. Bd8 c3 56. Be7 h4+ 57. Kh2 Kd4 58. a5 Ra2 59. b4 c2
60. Bc5+ Kc4 0-1

[Event "2010 U.S. Masters Championship"]
[Site "Hendersonville, NC"]
[Date "2010.03.14"]
[Round "4.1"]
[White "Corbett III, Claude R"]
[Black "Lauria, Michael D"]
[Result "1/2-1/2"]
[WhiteElo "1914"]
[BlackElo "2001"]
[PlyCount "82"]
[EventDate "2010.03.13"]
[EventRounds "9"]
[EventCountry "USA"]
[SourceDate "2010.03.21"]

1. e4 c5 2. c3 Nf6 3. e5 Nd5 4. d4 cxd4 5. Nf3 Nc6 6. Bc4 Nb6 7. Bb3 dxc3 8.
Nxc3 d6 9. exd6 exd6 10. O-O Be7 11. Be3 O-O 12. Bxb6 Qxb6 13. Nd5 Qd8 14. Re1
Bg4 15. Qd3 Bf6 16. Ba4 g6 17. h3 Bf5 18. Qb5 Rb8 19. Qe2 Bg7 20. Bxc6 bxc6 21.
Ne7+ Kh8 22. Nxc6 Qd7 23. Nxb8 Rxb8 24. Qe7 Qxe7 25. Rxe7 Bxb2 26. Rae1 Kg7 27.
Rxa7 h6 28. Ree7 Rf8 29. a4 d5 30. a5 d4 31. a6 d3 32. Rac7 Bf6 33. Re1 Ra8 34.
a7 h5 35. Nd2 Bg5 36. Nc4 d2 37. Nxd2 Bxd2 38. Ree7 Bf4 39. Rxf7+ Kh6 40. Rh7+
Kg5 41. Rc4 h4 1/2-1/2

[Event "2010 U.S. Masters Championship"]
[Site "Hendersonville, NC"]
[Date "2010.03.15"]
[Round "1.2"]
[White "Harris, Neal D"]
[Black "Pupols, Viktors"]
[Result "0-1"]
[WhiteElo "2200"]
[BlackElo "2247"]
[PlyCount "54"]
[EventDate "2010.03.13"]
[EventRounds "9"]
[EventCountry "USA"]
[SourceDate "2010.03.21"]

1. e4 e5 2. Nf3 Nc6 3. Bc4 Nf6 4. Ng5 d5 5. exd5 Na5 6. Bb5+ c6 7. dxc6 bxc6 8.
Bd3 h6 9. Ne4 Nd5 10. Ng3 Bd6 11. O-O O-O 12. Bf5 Ne7 13. Bxc8 Rxc8 14. d3 f5
15. Nc3 Nb7 16. f4 exf4 17. Bxf4 Qb6+ 18. Kh1 Bxf4 19. Rxf4 Qxb2 20. Qe1 Rce8
21. Qe6+ Kh7 22. Rb1 Qxc3 23. Ne2 Qa5 24. Rxb7 Qe1+ 25. Rf1 Qxf1+ 26. Ng1 Ng6
27. Qd7 Re7 0-1

[Event "2010 U.S. Masters Championship"]
[Site "Hendersonville, NC"]
[Date "2010.03.15"]
[Round "1.2"]
[White "Pohl, Klaus A"]
[Black "Williams, Justus D"]
[Result "1-0"]
[WhiteElo "2206"]
[BlackElo "2075"]
[PlyCount "67"]
[EventDate "2010.03.13"]
[EventRounds "9"]
[EventCountry "USA"]
[SourceDate "2010.03.21"]

1. e4 c5 2. d3 e6 3. f4 Ne7 4. Nf3 d5 5. Be2 g6 6. O-O Bg7 7. Nc3 Nbc6 8. Bd2
b6 9. Qe1 Bb7 10. a3 Nd4 11. Nxd4 cxd4 12. Nd1 dxe4 13. dxe4 Bxe4 14. Bb5+ Bc6
15. Bxc6+ Nxc6 16. f5 gxf5 17. Rxf5 Ne7 18. Rf3 Ng6 19. Nf2 Qd7 20. Ne4 f5 21.
Rxf5 O-O-O 22. Rf1 Rdf8 23. Qe2 d3 24. cxd3 Bxb2 25. Rab1 Rxf1+ 26. Rxf1 Ne5
27. Bb4 Qd4+ 28. Kh1 Nxd3 29. Nd6+ Kb8 30. Nb5 Qc4 31. Bd6+ Ka8 32. Qf3+ Qd5
33. Nc7+ Kb7 34. Nxd5 1-0

[Event "2010 U.S. Masters Championship"]
[Site "Hendersonville, NC"]
[Date "2010.03.16"]
[Round "2.2"]
[White "Pupols, Viktors"]
[Black "Pohl, Klaus A"]
[Result "1/2-1/2"]
[WhiteElo "2247"]
[BlackElo "2206"]
[PlyCount "124"]
[EventDate "2010.03.13"]
[EventRounds "9"]
[EventCountry "USA"]
[SourceDate "2010.03.21"]

1. d4 d6 2. g3 Nf6 3. Bg2 g6 4. e4 Nbd7 5. Ne2 Bg7 6. O-O O-O 7. c3 c6 8. h3 e5
9. Be3 Qe7 10. Nd2 Re8 11. Qc2 b6 12. dxe5 dxe5 13. Rfd1 Ba6 14. Nf1 Nc5 15. b4
Ncxe4 16. b5 cxb5 17. Bxe4 Nxe4 18. Qxe4 Bb7 19. Qg4 h5 20. Qd7 Bf3 21. Qxe7
Rxe7 22. Rd2 Rc8 23. Rad1 Ree8 24. Nh2 Bc6 25. f3 Bf8 26. Kf2 f6 27. Ng1 Be7
28. Ne2 Kf7 29. f4 Ke6 30. Nf3 Rf8 31. g4 hxg4 32. hxg4 Rh8 33. Neg1 Bxf3 34.
Nxf3 e4 35. Nd4+ Kf7 36. Nxb5 Rh2+ 37. Kg3 Rxd2 38. Bxd2 f5 39. Rh1 a6 40. Nd4
Bf6 41. gxf5 Bxd4 42. fxg6+ Kxg6 43. cxd4 Rc2 44. Be3 Rxa2 45. f5+ Kxf5 46.
Rh5+ Ke6 47. Rh6+ Kd5 48. Rxb6 Ra1 49. Rb8 Rf1 50. Bf2 Kc4 51. Rb2 Kd3 52. Rb3+
Kc4 53. Ra3 Kb5 54. Re3 a5 55. Rxe4 a4 56. d5 a3 57. Re1 Rxe1 58. Bxe1 Kc4 59.
d6 a2 60. d7 a1=Q 61. d8=Q Qxe1+ 62. Kg2 Qe4+ 1/2-1/2

[Event "2010 U.S. Masters Championship"]
[Site "Hendersonville, NC"]
[Date "2010.03.17"]
[Round "3.2"]
[White "Dana, Maurice"]
[Black "Pupols, Viktors"]
[Result "1/2-1/2"]
[WhiteElo "2200"]
[BlackElo "2247"]
[PlyCount "80"]
[EventDate "2010.03.13"]
[EventRounds "9"]
[EventCountry "USA"]
[SourceDate "2010.03.21"]

1. Nf3 d5 2. g3 Nf6 3. Bg2 c6 4. O-O Bf5 5. d3 e6 6. Nh4 Bg4 7. h3 Bh5 8. Qe1
Be7 9. f4 Nfd7 10. Nf3 f5 11. e4 O-O 12. Kh2 Nc5 13. Nbd2 Nba6 14. a3 Qc7 15.
b4 Bxf3 16. Bxf3 Na4 17. Nb3 dxe4 18. dxe4 fxe4 19. Qxe4 Bf6 20. Be3 Rae8 21.
Bd4 e5 22. fxe5 Bxe5 23. Bxe5 Qxe5 24. Qc4+ Qe6 25. Qd3 Nb2 26. Qd4 Qc4 27.
Qxa7 Qxc2+ 28. Bg2 Qxb3 29. Qxb7 Nb8 30. a4 Nc4 31. Rxf8+ Rxf8 32. Rf1 Rxf1 33.
Bxf1 Qb2+ 34. Kh1 Ne5 35. Qxb8+ Kf7 36. Bc4+ Nxc4 37. Qf4+ Ke7 38. Qxc4 Qa1+
39. Kg2 Qxa4 40. Qc5+ Ke6 1/2-1/2